Kritériá výberu lokalizácie podniku z pohľadu lokalizačných teórií pri rozhodovaní investorov

Lokalizačné teórie – zovšeobecnené poznatky o lokalizácii podnikov v podobe teoretických prístupov. Faktory ovplyvňujúce lokalizáciu podnikov na území. Lokalizačné faktory. Komparačné výhody mesta a ich vplyv na lokalizačné rozhodovanie podnikov.

Saved in:
Bibliographic Details
Main Author: Jamnický, Peter
Format: Book Chapter
Language:Slovak
Subjects:
Tags: Add Tag
No Tags, Be the first to tag this record!

MARC

LEADER 00000naa a2200000 4500
001 0167178
005 20240502072920.3
041 0 |a slo 
044 |a SK 
245 1 0 |a Kritériá výberu lokalizácie podniku z pohľadu lokalizačných teórií pri rozhodovaní investorov  |c Peter Jamnický 
520 |a Lokalizačné teórie – zovšeobecnené poznatky o lokalizácii podnikov v podobe teoretických prístupov. Faktory ovplyvňujúce lokalizáciu podnikov na území. Lokalizačné faktory. Komparačné výhody mesta a ich vplyv na lokalizačné rozhodovanie podnikov. 
610 2 0 |a lokalizácia 
610 2 0 |a rozhodovanie investičné 
610 2 0 |a podnik 
610 2 0 |a Slovensko 
610 2 0 |a regióny 
100 1 |a Jamnický, Peter